00301nam a2200121Ia 4500008004100000020001800041041000800059082001300067100001200080245003300092250000900125260004500134230627s9999 xx 000 0 und d a81-87629-37-1 amar a342bSIN aSinghvi aConstitution Of India Vol-ii a2ed. aNew DelhibModern Law Publicationsc2006